000 00359 a2200145 4500
001 168045
020 _a
040 _cMagnum
100 _aLe Boulch, Jean
240 1 0 _aEducacao psicomotora: a psicocinetica na idade escolar
_lpor
245 1 0 _aEducacao psicomotora: a psicocinetica na idade escolar
362 0 _a1899
697 _aENSINO
942 _cBK
999 _c168045
_d168045